Welcome to CU Library Online Public Access Catalogue (OPAC)

Legal aspects of nursing / (Record no. 548)

MARC details
000 -LEADER
fixed length control field 00592cam a2200193 a 4500
001 - CONTROL NUMBER
control field 13561119
005 - DATE AND TIME OF LATEST TRANSACTION
control field 20241101204353.0
008 - FIXED-LENGTH DATA ELEMENTS--GENERAL INFORMATION
fixed length control field 040416s2005 enka b 001 0 eng
020 ## - INTERNATIONAL STANDARD BOOK NUMBER
International Standard Book Number 0582822785
050 00 - LIBRARY OF CONGRESS CALL NUMBER
Classification number KD2968.N8
Item number D56 2005
082 00 - DEWEY DECIMAL CLASSIFICATION NUMBER
Classification number 344.4104/14
Edition information 22
100 1# - MAIN ENTRY--PERSONAL NAME
Personal name Dimond, Bridgit.
245 10 - TITLE STATEMENT
Title Legal aspects of nursing /
Statement of responsibility, etc. Bridgit Dimond.
250 ## - EDITION STATEMENT
Edition statement 4th ed.
260 ## - PUBLICATION, DISTRIBUTION, ETC.
Place of publication, distribution, etc. Harlow, England ;
-- New York :
Name of publisher, distributor, etc. Pearson Longman,
Date of publication, distribution, etc. 2005.
300 ## - PHYSICAL DESCRIPTION
Extent lviii, 746 p. :
Other physical details ill., Index ;
Dimensions 25 cm.
650 #0 - SUBJECT ADDED ENTRY--TOPICAL TERM
Topical term or geographic name entry element Nursing
General subdivision Law and legislation
Geographic subdivision Great Britain.
942 ## - ADDED ENTRY ELEMENTS (KOHA)
Source of classification or shelving scheme Library of Congress Classification
Koha item type Books
Edition Fourth Ed.
Suppress in OPAC No
999 ## -
-- 548
-- 548
Holdings
Withdrawn status Lost status Source of classification or shelving scheme Damaged status Not for loan Collection Home library Current library Shelving location Date acquired Total checkouts Full call number Barcode Date last seen Copy number Price effective from Koha item type
    Library of Congress Classification     Non-fiction Law Library (Miotso) Law Library (Miotso) General stacks 11/01/2024   KD2968.N8D56 DIM llm00000543 11/01/2024 1 11/01/2024 Books
    Library of Congress Classification     Non-fiction Law Library (Miotso) Law Library (Miotso) General stacks 11/02/2024   KD2968.N8D56 DIM llm00000581 11/02/2024 2 11/02/2024 Books
© 2023-2024 Copyright: Central University Libraries. All Rights Reserved | Created by: Mahone Tech Office